Copia de Carta del Virrey al Cabildo, donde señala los procedimientos del Tribunal de la Inquisición sobre las canonjías suprimidas.

Detalles Bibliográficos
Otros Autores: Virrey Conde de Galve
Formato: Libro
Publicado: México, 1692
Materias:
Colección:Banco de datos
Acervo:Biblioteca Palafoxiana. Colección de Manuscritos
Descripción Física:1 f. ; 31 x 21 cm.
Tema general:Eclesiástica
LEADER 00482nam a22001450004500
035 |a 1647 
245 1 0 |a Copia de Carta del Virrey al Cabildo, donde señala los procedimientos del Tribunal de la Inquisición sobre las canonjías suprimidas. 
260 |a México, 1692 
300 |a 1 f. ; 31 x 21 cm. 
650 1 0 |a Eclesiástica 
700 1 |a Virrey Conde de Galve 
949 |a 32282/068 
942 |c PALAMANU 
943 |g Biblioteca Palafoxiana. Colección de Manuscritos 
999 |c 1069592  |d 1069592